000 00876nam a2200241 a 4500
001 74075
003 BD-RjUL
005 20211209082504.0
008 180213s2015 bg ||||| |||| 00| 0 ben d
020 _a9789849135937
_c300.00
035 _a(BD-RjUL)74293
040 _aBD-RjUL
_beng
_cBD-RjUL
041 _aben
082 _223
_a891.4414
_bSAR 2015
100 _aসাহা , সনৎকুমার
_9220167
245 1 0 _aরবীন্দ্রনাথ তাঁর আলোয় তাঁর ছায়ায় /
_cসনৎকুমার সাহা
260 _aঢাকা :
_bচন্দ্রাবতী একাডেমি ,
_c২০১৫
300 _a৩১৫ পৃ. ;
_c২২ সেমি.
600 _aরবীন্দ্রনাথ
_9220172
650 _aজীবনী
_9220169
650 _aBiography
_9220170
942 _2ddc
_cBK
999 _c74075
_d74075